00180 a2200073 450000100060000010000190000624500450002526000360007053537 aDurgesh, D. S. aGATE Mechanical engineering quick review aDelhibStandard Pub Delhic2003